| 000 | 00740nam a22002057a 4500 | ||
|---|---|---|---|
| 005 | 20120518154730.0 | ||
| 010 | _a | ||
| 020 |
_a _c65.00 |
||
| 035 | _aA-775045 | ||
| 037 | _b | ||
| 082 | _a515 | ||
| 100 |
_aठाकुर, बी.आर. _947380 |
||
| 245 |
_aउच्च कलन / _cबी.आर.ठाकुर |
||
| 260 |
_aआगरा _bराम प्रसाद एंड संस _c1995-96 |
||
| 270 |
_a _b _e |
||
| 300 |
_a372पृ. _b _c22सेमी(सजिल्द) |
||
| 942 |
_2ddc _cHN _h515 _mठाकुर |
||
| 999 |
_c66861 _d66861 |
||